Prénoms des savants de la Tour Eiffel -1 - Statistiques

Statistiques générales
  • Ce quiz a été pris 22 fois
  • Le résultat moyen est 3 sur 18
Statistiques - réponses
Hint Réponse % Correct
LAVOISIER (de) Antoine-Laurent
60%
AMPERE André-Marie
47%
LEGENDRE Adrien-Marie
27%
SEGUIN Marc
27%
CHASLES Michel
27%
CUVIER Georges-Léopold
20%
NAVIER Claude-Louis
13%
TRESCA Henri
13%
CHAPTAL Jean-Antoine
13%
BELANGER Jean-Baptiste
13%
LALANDE (de) Joseph-Jérôme
13%
LAGRANGE Joseph-Louis
13%
CHEVREUIL Michel-Eugène
13%
DULONG Pierre-Louis
13%
LAPLACE (de) Pierre-Simon
13%
FLACHAT Eugène
7%
BRESSE Jacques-Antoine
7%
PONCELET Jean-Victor
7%
Aucun quiz correspondant
Distribution des résultats
% des personnes avec chaque résultat
Percentile par nombre de réponses
Votre historique - résultats
Vous n’avez pas pris ce quiz